000 00617nam a2200217Ia 4500
003 OSt
005 20220925204552.0
006 a|||||r|||| 00| 0
007 ta
008 220923b |||||||| |||| 00| 0 eng d
037 _cGeneral Book
040 _aRTL
_cRTL
_beng
041 _2eng
_aeng
082 _aX, M7/SC
100 _aLOWE Adolph
_9121717
245 0 _aEssays in political economics
_b Public control in democratic society.
260 _aGreat
_bBritain Wheatsheaf Books
_c1987
300 _a257p.
_ccm.
942 _hX, M7/SC
_cGB
_2CC
999 _c549786
_d549786